000 01448nam a2200349 a 4500
001 ebr10677574
003 CaPaEBR
006 m u
007 cr cn|||||||||
008 120911s2013 nyuad sb 001 0 eng d
010 _z 2012949232
020 _z9781624170515 (hardcover)
020 _z9781624170751 (e-book)
040 _aCaPaEBR
_cCaPaEBR
035 _a(OCoLC)839695500
050 1 4 _aQP144.G45
_bN88 2013eb
245 0 0 _aNutrigenomics
_h[electronic resource] :
_bapplication to the development of nutraceuticals and cosmeceuticals /
_cM.T. Ravi Subbiah, editor.
260 _aHauppauge, N.Y. :
_bNova Science Publishers, Inc.,
_c2013.
300 _avi, 215 p. :
_bill.
490 1 _aGenetics--research and issues
490 1 _aNutrition and diet research progress
504 _aIncludes bibliographical references and index.
533 _aElectronic reproduction.
_bPalo Alto, Calif. :
_cebrary,
_d2013.
_nAvailable via World Wide Web.
_nAccess may be limited to ebrary affiliated libraries.
650 0 _aNutrition
_xGenetic aspects.
650 0 _aHuman genome.
655 7 _aElectronic books.
_2local
700 1 _aSubbiah, M. T. Ravi.
710 2 _aebrary, Inc.
830 0 _aGenetics--research and issues series.
830 0 _aNutrition and diet research progress series.
856 4 0 _uhttp://site.ebrary.com/lib/rucke/Doc?id=10677574
_zAn electronic book accessible through the World Wide Web; click to view
999 _c168211
_d168211